000 00957cab a2200265 4500
001 WB3233-06
008 090401t1996 xxu||||| |||| 00| 0 eng d
035 _a(Sirsi) u4897
041 _aeng
245 _aPlans for Manchester centre
260 _c1996
350 _a0
490 _aGuardian
_v5 September 1996, 11
490 _aBuilding
_v261(7945) 6 September 1996, 10(3)
520 _aFive companies are shortlisted to redesign the centre of Manchester. Plans include more pedestrianisation, green spaces, a bigger shopping area, cycle lanes, and better access for public transport. Taylor Woodrow and Shepherd are expected to win the contract for the southern city area.
650 _aARNDALE CENTRE
650 _aBOMB DAMAGE
650 _aMANCHESTER CITY COUNCIL
650 _aMANCHESTER
650 _aSHOPPING CENTRES
650 _aTAYLOR WOODROW
690 _aBUILDING AND CONSTRUCTION-PROJECTS
942 _n0
948 _c04/03/1997
999 _c2960
_d2960